Adaptabilita podnikovej kultúry - faktor podporujúci rezilienciu a udržateľnosť podnikov na Slovensku
Saved in:
| Main Author: | |
|---|---|
| Format: | Book Chapter |
| Language: | Slovak English |
| Subjects: | |
| Tags: |
No Tags, Be the first to tag this record!
|
MARC
| LEADER | 00000naa$a2200000$$$4500 | ||
|---|---|---|---|
| 001 | 0297718 | ||
| 005 | 20240502074516.9 | ||
| 041 | 0 | |a slo | |
| 041 | 0 | |a eng | |
| 044 | |a SK | ||
| 245 | 1 | 0 | |a Adaptabilita podnikovej kultúry - faktor podporujúci rezilienciu a udržateľnosť podnikov na Slovensku |c Nadežda Jankelová |
| 500 | |a Abstrakt | ||
| 610 | 2 | 0 | |a kultúra podniková |
| 610 | 2 | 0 | |a adaptabilita |
| 610 | 2 | 0 | |a udržateľnosť |
| 610 | 2 | 0 | |a zamestnanci |
| 610 | 2 | 0 | |a podnik |
| 610 | 2 | 0 | |a pandémia |
| 610 | 2 | 0 | |a Slovensko |
| 100 | 1 | |a Jankelová, Nadežda, 1966- | |